000 03582cam a22011894i 4500
003 PE-LiUPU
005 20250813185542.0
008 150616s1965 mx a rb 000 0 spa d
035 _a(Sirsi) a4054
040 _aPE-LiUPU
_bspa
_cPE-LiUPU
_dPE-LiUPU
_erda
049 _aPRUA
082 0 4 _a371
_bEd1
_221
110 2 _aEdelvives.
245 1 0 _aHistoria de la pedagogía: la antigüedad y la era cristiana hasta el siglo XVIII.
264 1 _aZaragoza :
_bEditorial Luis Vives,
_c1965.
300 _a439 páginas :
_bilustraciones ;
_c21 centímetros
336 _atext
_2rdacontent
337 _aunmediated
_2rdamedia
338 _avolume
_2rdacarrier
504 _aIncluye bibliografía.
505 0 _aLa antigüedad: -Educación de los pueblos no civilizados -- La educación en China -- La educación en Japón -- La educación en la india -- La educación de los sirios y babilonios -- Educación de los persas -- Educación de los egipcios -- Educación de los hebreos. Primeros siglos del cristianismo: -Período patrístico -- Período monástico -- Período escolástico. El renacimiento: -Caracteres generales del renacimiento -- El renacimiento en Italia -- Escritores y educadores italianos del renacimiento -- El renacimiento en Alemania -- El renacimiento en Inglaterra -- El renacimiento en Francia -- El renacimiento en España -- Pedagogía protestante -- La restauración católica. -Ojeada general sobre la pedagogía del siglo XVII -- La pedagogía católica -- La pedagogía protestante.
526 _aP202
526 _aP201
526 _aP163
526 _aP162
526 _aP161
526 _aP160
526 _aP148
526 _aP147
526 _aP146
526 _aP145
526 _aP144
526 _aP143
526 _aP142
526 _aP141
526 _aP140
526 _aP139
526 _aP138
526 _aP137
526 _aP136
526 _aP135
526 _aP134
526 _aP133
526 _aP129
526 _aP128
526 _aP127
526 _aP120
526 _aP119
526 _aP118
526 _aP116
526 _aP115
526 _aP114
526 _aP110
526 _aP109
526 _aP108
526 _aP104
526 _aP103
526 _aP102
526 _aP99
526 _aP98
526 _aP97
526 _aP96
526 _aP95
526 _aP93
526 _aP90
526 _aP89
526 _aP88
526 _aP83
526 _aP82
526 _aP62
526 _aP59
526 _aP58
526 _aP57
526 _aP51
526 _aP49
526 _aP48
526 _aP47
526 _aP29
526 _aP24
526 _aP20
526 _aP19
526 _aP17
526 _aP15
526 _aP14
526 _aP12
526 _aP10
526 _aP09
526 _aP08
526 _aP07
526 _aP06
526 _aP05
526 _aP04
526 _aP01
650 0 4 _aPedagogia - Historia.
910 _ajck
_bjvq
_cjck
942 _2ddc
_cBOOK
949 _a371 Ed1
_wDEWEY
_c1
_i09465
_lCCODEBUL1
_mBUL
_p30.00
_r0
_sY
_tBOOK
_u2015-04-23
_xEDUCACION
_PP20
_0COMPRA
_o.STAFF. Colección Ciencias Humanas y Educación
994 _aC0
_bPEPRU
596 _a1
999 _a371 ED1
_wDEWEY
_c48243
_i09465
_d48243
_e2018-4-23
_f2021-11-8
_g5
_lCCODEBUL1
_mBUL
_n2
_p30.00
_r0
_sY
_tBOOK
_u2015-4-23
_xEDUCACION
_PP20
_0COMPRA
_o.STAFF. Colección Ciencias Humanas y Educación
980 _81
_gALBERTO SANCHEZ Responsable de Automatización